[Event "ARG-ch U1700"]
[Site "Tacuari"]
[Date "2018.11.17"]
[Round "3"]
[White "Fernandez, Leandro Daniel"]
[Black "Paz, Fernando Roberto"]
[Result "1-0"]
[WhiteElo "1652"]
[BlackElo "1609"]
[PlyCount "87"]
[EventDate "2018.11.16"]
[EventType "swiss"]
[EventRounds "8"]
[EventCountry "ARG"]
[SourceTitle "EXT 2020"]
[Source "ChessBase"]
[SourceDate "2019.10.17"]
[SourceVersion "1"]
[SourceVersionDate "2019.10.17"]
[SourceQuality "1"]

1. d4 Nf6 2. Nf3 e6 3. c4 Bb4+ 4. Bd2 Qe7 5. a3 Bxd2+ 6. Nbxd2 d6 7. e4 e5 8. d5 0-0 9. b4 a5 10. Bd3 axb4 11. axb4 Rxa1 12. Qxa1 Na6 13. Qc3 Nh5 14. 0-0 Nf4 15. Ne1 Nxd3 16. Nxd3 f5 17. b5 Nb8 18. f3 f4 19. c5 Nd7 20. c6 bxc6 21. bxc6 Nb6 22. Ra1 g5 23. Nc4 Nxc4 24. Qxc4 g4 25. Ne1 gxf3 26. Nxf3 Bg4 27. Qb3 Bxf3 28. Qxf3 Kh8 29. Ra7 Rg8 30. Qh3 Qg7 31. Kf2 f3 32. g3 Rf8 33. Qh4 h6 34. Ra3 Qf7 35. Qxh6+ Kg8 36. Qg5+ Kh8 37. Qh4+ Kg8 38. Qg4+ Kh8 39. Rxf3 Qe7 40. Rxf8+ Qxf8+ 41. Qf5 Qb8 42. Kf3 Qb3+ 43. Kg4 Qd1+ 44. Kg5 1-0